00459nam a2200145Ia 4500020001800000082002300018100001700041245006500058260003700123300001500160504001900175650004300194650002200237650005400259 a81-7018-341-3 a307.77209543 SHU-; aShukla, H.L. 0aTribal heritage of Madhya Pradesh: an annotated bibliography aNew DelhibB.R. Publishingc1986 axiv, 208p. aIncludes index aTribes - Bibliography - Madhya Pradesh aHeritage property aCultural property - Bibliography - Madhya Pradesh